| 000 | 00655cam a22002531 4500 | ||
|---|---|---|---|
| 001 | sa 68009103 | ||
| 003 | DLC | ||
| 005 | 20260227112540.0 | ||
| 008 | 940831s1967 ii 000 0 orio | ||
| 010 | _asa 68009103 | ||
| 025 | _aPL480:I-O-914 | ||
| 035 | _a(OCoLC)31039419 | ||
| 040 |
_aDLC _cCU _dCU _dDLC |
||
| 042 | _apremarc | ||
| 050 | 0 | 0 |
_aPK2579.M24 _bR3 |
| 100 | 1 | _aMahani, Pradyumna Kumara. | |
| 245 | 1 | 0 | _aRādhānātha smaraṇikā. |
| 260 | _c[1967] | ||
| 300 |
_a3, 4, 75 p. _c19 cm. |
||
| 500 | _aIn Oriya. | ||
| 500 | _aPoems. | ||
| 600 | 1 | 0 |
_aRoy, Radhanath, _d1848-1908, _xIn literature. |
| 700 | 1 |
_aRoy, Radhanath, _d1848-1908. |
|
| 999 |
_c82717 _d82717 |
||